Doing social research (Record no. 23151)

MARC details
000 -LEADER
fixed length control field 00513pam a2200181 a 4500
020 ## - INTERNATIONAL STANDARD BOOK NUMBER
ISBN 0070060029
082 00 - DEWEY DECIMAL CLASSIFICATION NUMBER
Classification number 300.72
Author Cutter BAK
100 1# - MAIN ENTRY--AUTHOR NAME
Author name Baker, Therese L.
245 10 - TITLE STATEMENT
Title Doing social research
250 ## - EDITION STATEMENT
Edition statement 3rd ed.
260 ## - PUBLICATION, DISTRIBUTION, ETC. (IMPRINT)
Place of publication Boston :
Name of publisher McGraw-Hill College,
Year of publication c1999.
300 ## - PHYSICAL DESCRIPTION
Number of Pages xxiii, 528 p. :
Other physical details ill. ;
650 #0 - SUBJECT ADDED ENTRY--TOPICAL TERM
Topical Term Social sciences
856 42 - ELECTRONIC LOCATION AND ACCESS
Uniform Resource Identifier http://www.loc.gov/catdir/description/mh023/98003563.html
856 41 - ELECTRONIC LOCATION AND ACCESS
Uniform Resource Identifier http://www.loc.gov/catdir/toc/mh022/98003563.html
942 ## - ADDED ENTRY ELEMENTS (KOHA)
Koha item type Books
Holdings
Home library Current library Shelving location Date acquired Source of acquisition Cost, normal purchase price Full call number Accession Number Koha item type
Henry Martyn Institute Library Henry Martyn Institute Library General stacks 10/14/2021 Shah Book House 1095.00 300.72 BAK 25845 Books
                   Copyright © 2026 | Henry Martyn Institute | Hyderabad | TS-500052 | INDIA | Implemented by hmi.edu.in
Hit-Count:

Powered by Koha